00358 a2200145 4500003000400000005001700004008004100021020001500062040000900077082001800086100001700104245004300121260003900164300000900203OSt20231223140425.0231223b |||||||| |||| 00| 0 eng d a8181436202 coclc a891.43bGUP/A aGupta, Vibha aANUVAD KE BHASHIK PAKSH /cVibha Gupta aNew Delhi:bVani Prakashan,c2013. a120p